Trends in the Labour Markets of the European Union

Situácia na európskych pracovných trhoch. Vývoj miery zamestnanosti v krajinách EÚ (2010-2014). Miera zamestnanosti v členských štátoch EÚ (veková skupina 20-64 rokov). Vývoj mier zamestnanosti v EÚ-28 vzhľadom na ciele stratégie Európa 2020.

Guardado en:
Detalles Bibliográficos
Autor principal: Klimko, Roman, 1985-
Otros Autores: Rievajová, Eva
Formato: Capítulo de libro
Lenguaje:eslovaco
Materias:
Etiquetas: Agregar Etiqueta
Sin Etiquetas, Sea el primero en etiquetar este registro!

MARC

LEADER 00000naa$a2200000$$$4500
001 0211425
005 20240502073527.0
041 0 |a slo 
044 |a SK 
245 1 0 |a Trends in the Labour Markets of the European Union  |c Roman Klimko, Eva Rievajová 
520 |a Situácia na európskych pracovných trhoch. Vývoj miery zamestnanosti v krajinách EÚ (2010-2014). Miera zamestnanosti v členských štátoch EÚ (veková skupina 20-64 rokov). Vývoj mier zamestnanosti v EÚ-28 vzhľadom na ciele stratégie Európa 2020. 
610 2 0 |a trh práce 
610 2 0 |a zamestnanosť 
610 2 0 |a nezamestnanosť 
610 2 0 |a Európska únia 
100 1 |a Klimko, Roman, 1985- 
700 1 |a Rievajová, Eva